| 000 | 01957nam a22002657a 4500 | ||
|---|---|---|---|
| 001 | 3409 | ||
| 003 | FISKH | ||
| 005 | 20240304092856.0 | ||
| 008 | 240304b cb ||||| |||| 00| 0 eng d | ||
| 020 | _a9780062231796 | ||
| 040 |
_aFISKH _beng _cFISKH _dFISKH |
||
| 050 | _aSB481 | ||
| 082 | _a712.5 | ||
| 100 | _aMarron, Catie | ||
| 245 |
_aCity Parks: _bPublic places, private thoughts / _cCreated and edited by Catie Marron ; Photographs by Oberto Gili |
||
| 260 |
_aNew York : _bHarper Collins, _c2013. |
||
| 300 |
_a304 pages : _bcolor illustrations ; _c29 cm |
||
| 520 | _aCatie Marron's City Parks captures the spirit and beauty of eighteen of the world's most-loved city parks. Zadie Smith, Ian Frazier, Candice Bergen, Colm Tóibín, Nicole Krauss, Jan Morris, and a dozen other remarkable contributors reflect on a particular park that holds special meaning for them. Andrew Sean Greer eloquently paints a portrait of first love in the Presidio; André Aciman muses on time's fleeting nature and the changing face of New York viewed from the High Line; Pico Iyer explores hidden places and privacy in Kyoto; Jonathan Alter takes readers from the 1968 race riots to Obama's 2008 victory speech in Chicago's Grant Park; Simon Winchester invites us along on his adventures in the Maidan; and Bill Clinton writes of his affection for Dumbarton Oaks. Oberto Gili's color and black-and-white photographs unify the writers' unique and personal voices. Taken around the world over the course of a year, in every season, his pictures capture the inherent mood of each place. Fusing images and text, City Parks is an extraordinary and unique project: through personal reflection and intimate detail it taps into collective memory and our sense of time's passage. | ||
| 650 |
_aLandscape Architecture _xPhotography |
||
| 650 | _aParks | ||
| 650 | _aPublic Space | ||
| 700 |
_aGili, Oberto _ePhotographer |
||
| 942 |
_2ddc _cBK _n0 |
||
| 999 |
_c3409 _d3409 |
||